| 000 | 00376nam a2200145Ia 4500 | ||
|---|---|---|---|
| 008 | 151213s9999 xx 000 0 und d | ||
| 100 | _aSanti V. Buscemi | ||
| 245 |
_aA Reader for Developing Writers _cSanti V. Buscemi |
||
| 260 |
_aBoston _bMc Graw Hill _c2002 |
||
| 300 | _a2072 p. | ||
| 650 | _aEnglish | ||
| 650 | _aLanguage | ||
| 700 | _aSanti V. Buscemi | ||
| 999 |
_c1523 _d1523 |
||